00700nam a2200205 i 4500001000700000003000900007007000300016008004100019080002500060100003300085245003700118260003800155300002200193490003400215500002900249830004200278852003300320999001900353952012200372105657ES-MaACLt|060802s1965 ag ||||1| spa d a821.134.2(87)-31"19"1 aRial, José Antonio.99666910aJezabel / cJosé Antonio Rial. aBuenos Aires : bLosada, c[1965] a216 p. ; c21 cm.1 aNovelistas de nuestra época aBiblioteca Juan Andrade.0 aNovelistas de nuestra época9181054 aES-MaACLjAND-473 bR.109776 c105657d105657 00104070aATENEOMbATENEOMcDEPO2d2008-01-17eSCl0oAND-473p1110309r2023-02-23 00:00:00w2023-02-23yMONOGRAFIA